| 000 | 01005nam a2200241 i 4500 | ||
|---|---|---|---|
| 001 | 51044 | ||
| 003 | ES-MaACL | ||
| 005 | 20230906162302.0 | ||
| 007 | t| | ||
| 008 | 160407q1870 fr ||||1| fre d | ||
| 100 | 1 |
_aBarthélemy, Charles ( _d1825-1888) _9159321 |
|
| 245 | 1 | 0 |
_aErreurs et mensonges historiques. _nDeuxième série / _cpar M. Ch. Barthélémy. |
| 250 | _a2è édition. | ||
| 260 |
_aParis : _bLibrairie Blériot, _c[ca. 1870] |
||
| 300 |
_aIV, 281 p. ; _c19 cm. |
||
| 490 | 1 | _aCollection Blériot | |
| 505 | 8 | _aContiene: Calas ; Courbe la tête, fier Sicambre ; Paris vaut bien une messe ; Philippe-Auguste à Bouvines ; La révocation de l'édit de Nantes ; Les lettres et le tombeau d'Héloïse ; Bélisaire ; Les enfants de Nemours ; Salomon de Caus | |
| 650 | 4 |
_aHistoria- _xErrores, invenciones, etc. _9159334 |
|
| 651 | 4 |
_aFrancia- _xHistoria- _xErrores, invenciones, etc. _9159322 |
|
| 830 | 1 |
_aCollection Blériot _9181471 |
|
| 852 | 4 |
_aES-MaACL _jG-124 |
|
| 999 |
_c51044 _d51044 |
||